Writing and editing for digital media (Registro nro. 321138)

Detalles MARC
000 -ENCABEZADO
Número de control [NR] 01035nam a2200289 4500
005 - FECHA Y HORA DE LA ÚLTIMA TRANSACCIÓN
control field 20220510115124.0
008 - DE LONGITUD FIJA DE DATOS DE ELEMENTOS - INFORMACIÓN GENERAL
Elementos de longitud fija [NR] 220510s2020 nyua|||gr|||| 00| 0 eng d
020 ## - NUMERO INTERNACIONAL NORMALIZADO PARA LIBROS [R]
Número Internacional Normalizado del libro [NR] 9780367245054 (4a.Ed.)
020 ## - NUMERO INTERNACIONAL NORMALIZADO PARA LIBROS [R]
Número Internacional Normalizado del libro [NR] 9780429282942
020 ## - NUMERO INTERNACIONAL NORMALIZADO PARA LIBROS [R]
Número Internacional Normalizado del libro [NR] 9780367245092
040 ## - FUENTE DE CATALOGACION [NR]
Agencia de catalogación original [NR] CO-BoUCM
Idioma de catalogación [NR] spa
Quien Cataloga Deissy Garcia
Quien Clasifica Deissy Garcia
041 0# - CODIGO DE IDIOMA [R]
Código de idioma para texto/pista de sonido o título separado [R] Inglés
100 1# - ASIENTO PRINCIPAL--NOMBRE PERSONAL [NR]
ID Autoridad 174669
Nombre personal [NR] Carroll, Brian
245 10 - MENCION DE TITULO [NR]
Título [NR] Writing and editing for digital media
Mención de responsabilidad, etc. [NR] Brian Carroll
250 ## - MENCION DE EDICION [NR]
Mención de edición [NR] 4a.Ed.
260 ## - PUBLICACION, DISTRIBUCION, ETC. (PIE DE IMPRENTA) [R]
Lugar de publicación, distribución, etc. [R] Nueva York
Nombre del editor, distribuidor, etc. [R] Routledge
Fecha de publicación, distribución, etc. [R] 2020
300 ## - DESCRIPCION FISICA [R]
Extensión [R] xiii, 375 páginas
Otros detalles físicos [NR] ilustraciones
500 ## - NOTA GENERAL [R]
Nota general [NR] Bibliografía Básica - Escuela de Ciencias Humanas - Pregrado en Periodismo y Opinión Pública
504 ## - NOTA DE BIBLIOGRAFIA, ETC. [R]
Nota de bibliografía, etc. [NR] Incluye referencias bibliográficas e índices
650 #7 - ASIENTO SECUNDARIO DE MATERIA - TERMINO TEMATICO [R]
9 (RLIN) 21340
Término temático o nombre geográfico como elemento de entrada [NR] Periodismo
650 #7 - ASIENTO SECUNDARIO DE MATERIA - TERMINO TEMATICO [R]
Término temático o nombre geográfico como elemento de entrada [NR] Periodismo en internet
9 (RLIN) 21349
650 #7 - ASIENTO SECUNDARIO DE MATERIA - TERMINO TEMATICO [R]
9 (RLIN) 16060
Término temático o nombre geográfico como elemento de entrada [NR] Formatos digitales
653 1# - TERMINO DE INDIZACION - NO CONTROLADO [R]
Término de indización no controlado [R] Periodismo en línea
653 1# - TERMINO DE INDIZACION - NO CONTROLADO [R]
Término de indización no controlado [R] Redes sociales en línea
942 ## - ELEMENTOS DE ENTRADA AGREGADOS (KOHA)
Sistema de clasificación DEWEY
Tipo de ítem principal el descrito en 300a Libro
Tema principal Literatura
Edición 4
Clasificación 808.002854678
Parte restante de la signatura top. C319w
Título oculto en OPAC No
Existencias
Signatura topográfica Código de barras Última vez visto Volúmen / Fascículo Ejemplar Costo de reposición Price effective from Tipo de ítem Perdido Sistema de clasificación Dañado No prestable Tipo de ítem específico Suprimido Ubicación habitual Ubicación actual Localización Fecha de creación Forma de adquisición Costo
808.002854678 C319w 100170236 06/12/2025 4a.Ed. Ej.1 266120.00 10/05/2022 Libro   DEWEY     Libro   Claustro Claustro 2do piso 10/05/2022 Compra 266120.00